Архетип Трікстера у сучасній літературі (на прикладі романа Джима Доджа "Стик каменю") (Запис № 285962)

МАРК-запис
000 -Лідер
fixed length control field 01670nam a22002297a 4500
001 - Контрольний номер
control field 216222711
003 - Ідентифікатор контрольного номера
control field UA-OsUOA
005 - Дата та час останнього входження (трансакції)
control field 20220822120944.0
008 - Елементи даних фіксованої довжини – загальна інформація
fixed length control field 220822b un ||||f |||| 00| 0 ukr d
040 ## - Джерело каталогізації
Агенція оригінальної каталогізації UA-OsUOA
Мова каталогізації ukr
Агенція, яка здійснювала перезапис UA-OsUOA
Агенція, яка здійснювала модифікацію UA-OsUOA
041 ## - Код мови
Код мови тексту/ звукової доріжки чи окремого заголовка (П) ukr
080 ## - Індекс Універсальної десяткової класифікації
Індекс Універсальної десяткової класифікації (УДК) (НП) 82
090 ## - Локальний шифр розміщення
Класифікаційний індекс УДК 82
Авторський знак (НП) Т35
100 ## - Основне введення – ім’я особи
Ім’я особи (НП) Терещук А. М.
245 ## - Відомості про назву
Назва (НП) Архетип Трікстера у сучасній літературі (на прикладі романа Джима Доджа "Стик каменю")
Дані про відповідальність (НП) Терещук А. М.
260 ## - Публікація, розповсюдження і т.п. (Вихідні дані)
Місце публікації, розповсюдження і т.п. (П) Острог
Ім’я/ наймення видавництва, розповсюджувача і т.п. (П) КАФ
Дата публікації, розповсюдження і т.п. (П) 2017
300 ## - Фізичний опис
Обсяг 57 с.
520 ## - Резюме і т.п.
Резюме, реферат, анотація, тощо (НП) Вступ.<br/>Розділ І.<br/>1.1. Крутійський роман<br/>1.2. Архетип Трікстера за К. Г. Юнгом<br/>1.3. Карта Таро "Блазень"<br/>1.4. Гральна карта "Джокер"<br/>1.5. Феномен гри<br/>Розділ ІІ.<br/>2.1. Блазень<br/>2.2. Великі Маніпулятори<br/>2.2.1. Шахіст<br/>2.2.2. Лукавий Герой<br/>2.2.3. Психологічний Маніпулятор<br/>2.3. Опортуніст<br/>2.4. Трікстер-Близнюки<br/>2.5. Чарівний Шахрай<br/>2.6. Наставник Трікстер<br/>2.7. Кармічний Трікстер<br/>2.8. Любий Зрадник<br/>2.9. Магічна Істота<br/>2.10. Мімік<br/>2.11. Персоніфікація трікстера в образі тварини<br/>2.11.1. Лис<br/>2.11.2. Ворон<br/>Висновки.<br/>Список використаних джерел.
650 ## - Додаткове предметне введення – тематичний термін
Тематичний термін чи географічна назва, як елемент введення (НП) 82 Художня література. Літературознавство
Джерело заголовка чи терміна UDC
942 ## - Додаткові елементи входу (Коха)
Тип елемента Koha Книги
Source of classification or shelving scheme Universal Decimal Classification
955 ## - Код типу видання за змістом
Код типу видання за змістом (НП) Наукові видання
Фонди
Стан вилучень Стан втрат Джерело класифікації або схеми стелажів Стан уражень Не для кредиту Постійне місце розташування Поточне розміщення Дата придбання Джерело придбання Вартість, звичайна ціна покупки Повний номер виклику Штрих-код Дата останнього перегляду Вартість, ціна заміни Ціна ефективна від Тип елемента Koha Примітка, призначена для загального доступу
    Universal Decimal Classification     ВІЛ - Відділ іноземн. літератури НБ ВІЛ - Відділ іноземн. літератури НБ 27/06/2017 Акт №02/17 1.00 82 Т35 216067 10/11/2021 1.00 27/06/2017 Книги Дипломна робота (бакалавр)